Welcome to CU Library Online Public Access Catalogue (OPAC)

Applied Statistics for Business and Economics: (Record no. 2183)

MARC details
000 -LEADER
fixed length control field 00556nam a22001817a 4500
005 - DATE AND TIME OF LATEST TRANSACTION
control field 20241213174235.0
008 - FIXED-LENGTH DATA ELEMENTS--GENERAL INFORMATION
fixed length control field 241213b |||||||| |||| 00| 0 eng d
020 ## - INTERNATIONAL STANDARD BOOK NUMBER
International Standard Book Number 9780075618744
050 ## - LIBRARY OF CONGRESS CALL NUMBER
Classification number HF1017 WEB
100 ## - MAIN ENTRY--PERSONAL NAME
Personal name Webster Allen L.
245 ## - TITLE STATEMENT
Title Applied Statistics for Business and Economics:
Remainder of title An Essential Version/
Statement of responsibility, etc. Allen L. Webster
250 ## - EDITION STATEMENT
Edition statement 3rd Ed.
260 ## - PUBLICATION, DISTRIBUTION, ETC.
Place of publication, distribution, etc. Boston
Name of publisher, distributor, etc. McGraw-Hill/Irwin
Date of publication, distribution, etc. 1998
300 ## - PHYSICAL DESCRIPTION
Extent xx. 604p.
Other physical details ill. col.
Dimensions 26 cm x 21 cm
500 ## - GENERAL NOTE
General note Includes Index
650 ## - SUBJECT ADDED ENTRY--TOPICAL TERM
Source of heading or term Applied Statistics
942 ## - ADDED ENTRY ELEMENTS (KOHA)
Source of classification or shelving scheme Library of Congress Classification
Koha item type Books
Edition 3rd Ed.
Suppress in OPAC No
999 ## -
-- 2183
-- 2183
Holdings
Withdrawn status Lost status Source of classification or shelving scheme Damaged status Not for loan Collection Home library Current library Shelving location Date acquired Total checkouts Full call number Barcode Date last seen Copy number Price effective from Koha item type
    Library of Congress Classification     Non-fiction Business Library (Miotso) Business Library (Miotso) General stacks 12/13/2024   HF1017 WEB BSSM00000351 12/13/2024 1 12/13/2024 Books
    Library of Congress Classification     Non-fiction Business Library (Miotso) Business Library (Miotso) General stacks 12/13/2024   HF1017 WEB BSSM00000352 12/13/2024 2 12/13/2024 Books
    Library of Congress Classification     Non-fiction Business Library (Miotso) Business Library (Miotso) General stacks 12/13/2024   HF1017 WEB BSSM00000353 12/13/2024 3 12/13/2024 Books
    Library of Congress Classification     Non-fiction Business Library (Miotso) Business Library (Miotso) General stacks 12/13/2024   HF1017 WEB BSSM00000354 12/13/2024 4 12/13/2024 Books
    Library of Congress Classification     Non-fiction Business Library (Miotso) Business Library (Miotso) General stacks 12/13/2024   HF1017 WEB BSSM00000355 12/13/2024 5 12/13/2024 Books
    Library of Congress Classification     Non-fiction Undergraduate Library (Christ Temple) Undergraduate Library (Christ Temple) General stacks 03/27/2025   HF1017 WEB ulct00001997 03/27/2025 1 03/27/2025 Books
© 2023-2024 Copyright: Central University Libraries. All Rights Reserved | Created by: Mahone Tech Office